UM Logo

May gawa na kaming natapus dini: (Record no. 2648)

MARC details
000 -LEADER
fixed length control field 00591nam a2200169 4500
008 - FIXED-LENGTH DATA ELEMENTS--GENERAL INFORMATION
fixed length control field 160521b xxu||||| |||| 00| 0 eng d
020 ## - INTERNATIONAL STANDARD BOOK NUMBER
International Standard Book Number 9718729356
082 ## - DEWEY DECIMAL CLASSIFICATION NUMBER
Edition number 2002
Classification number DFil 499.211
Item number O1m
100 ## - MAIN ENTRY--PERSONAL NAME
9 (RLIN) 8720
Personal name Ocampo, Nilo S.
245 ## - TITLE STATEMENT
Title May gawa na kaming natapus dini:
Remainder of title si Rizal at ang wikang tagalog/
Statement of responsibility, etc. Nilo S. Ocampo.
260 ## - PUBLICATION, DISTRIBUTION, ETC. (IMPRINT)
Place of publication, distribution, etc. Quezon City:
Name of publisher, distributor, etc. University of the Philippines;
Date of publication, distribution, etc. c2002.
300 ## - PHYSICAL DESCRIPTION
Extent ix, 590 pages:
Other physical details illustrations;
Dimensions 25 cm.
500 ## - GENERAL NOTE
General note Includes bibliographical references and index.
650 #0 - SUBJECT ADDED ENTRY--TOPICAL TERM
9 (RLIN) 8722
Topical term or geographic name as entry element Filipino language
365 ## - TRADE PRICE
Price amount 750.00
Currency code Php
942 ## - ADDED ENTRY ELEMENTS (KOHA)
Source of classification or shelving scheme Dewey Decimal Classification
Koha item type Filipiniana
Holdings
Withdrawn status Lost status Source of classification or shelving scheme Damaged status Not for loan Collection code Home library Current library Date acquired Source of acquisition Total Checkouts Full call number Barcode Date last seen Price effective from Koha item type
    Dewey Decimal Classification     Filipiniana UM Digos College - LIC UM Digos College - LIC 09/10/2004 Purchased   DFil 499.211 O1m 2002 17769 05/15/2025 05/21/2016 Filipiniana